000 00836nam a22002417a 4500
999 _c15255
_d15255
003 AR-CdUCM
008 190426b ||||| |||| 00| 0 spa d
020 _a978-987-320-163-9
040 _aMUNICIPALIDAD PROVINCIAL DEL CUSCO
_cBIBLIOTECA MUNICIPAL DEL CUSCO
082 _aEP / 800 /
_bA45
100 _aAlvarez Etinger, Aníbal
_934299
245 _aLa biblia contada e ilustrada para niños /
260 _aBuenos aires :
_bGuadal,
_c2014.
300 _a132 páginas ;
_bIlustraciones,
_c26 cm.
505 _aContenido: Antiguo testamento -- Nuevo testamento.
650 _aBiblia para niños
_931364
650 _aReligion
_91195
650 _aNuevo y antiguo testamento
_934300
700 _aMoreno, Alberto
_934301
700 _aRegalado, Roberto (ilustraciones)
_934302
942 _2ddc
_cLIBROS
945 _adavv
_d26/04/2019